Normal view
MARC view
Entry Topical Term
001 - CONTROL NUMBER
- control field: 40566
003 - CONTROL NUMBER IDENTIFIER
- control field: ARRUPE
005 - DATE AND TIME OF LATEST TRANSACTION
- control field: 20180314124655.0
008 - FIXED-LENGTH DATA ELEMENTS
- fixed length control field: 180314|| aca||aabn | a|a d
040 ## - CATALOGING SOURCE
- Original cataloging agency: ARRUPE
- Transcribing agency: ARRUPE
150 ## - HEADING--TOPICAL TERM
- Topical term or geographic name as entry element: Executive ability.
670 ## - SOURCE DATA FOUND
- Source citation: Work cat.: (ARRUPE)0: Bennis, Warren G. 40565, Leaders :, 1997.